UM Logo

Anti-jaywalking to be eased for araw. (Record no. 14317)

MARC details
000 -LEADER
fixed length control field 00353nam a22001337a 4500
003 - CONTROL NUMBER IDENTIFIER
control field OSt
005 - DATE AND TIME OF LATEST TRANSACTION
control field 20190911172559.0
008 - FIXED-LENGTH DATA ELEMENTS--GENERAL INFORMATION
fixed length control field 190911b ||||| |||| 00| 0 eng d
245 ## - TITLE STATEMENT
Title Anti-jaywalking to be eased for araw.
260 ## - PUBLICATION, DISTRIBUTION, ETC. (IMPRINT)
Place of publication, distribution, etc. Davao City:
Name of publisher, distributor, etc. Sun Star Davao;
Date of publication, distribution, etc. c2019.
300 ## - PHYSICAL DESCRIPTION
Extent page 4.
600 #0 - SUBJECT ADDED ENTRY--PERSONAL NAME
9 (RLIN) 39512
Personal name Traffic regulations.
942 ## - ADDED ENTRY ELEMENTS (KOHA)
Source of classification or shelving scheme Dewey Decimal Classification
Koha item type Periodicals
Holdings
Withdrawn status Lost status Source of classification or shelving scheme Damaged status Not for loan Collection code Home library Current library Date acquired Total Checkouts Date last seen Price effective from Koha item type Public note
    Dewey Decimal Classification     Periodicals UM Digos College - LIC UM Digos College - LIC 09/11/2019   09/11/2019 09/11/2019 Periodicals Newspaper Clippings